Applied linguistics
Guardat en:
| Autor principal: | |
|---|---|
| Format: | Llibre |
| Idioma: | anglès |
| Publicat: |
Oxford
Oxford Univesity Press
2003
|
| Edició: | 1a. ed |
| Col·lecció: | Oxford Introductions to Language Study
|
| Matèries: | |
| Etiquetes: |
Afegir etiqueta
Sense etiquetes, Sigues el primer a etiquetar aquest registre!
|
MARC
| LEADER | 00000cam a2200000 a 4500 | ||
|---|---|---|---|
| 001 | UCD6717 | ||
| 003 | CL-VaPUC | ||
| 008 | 170113e20030000uk |||||||||||||||||eng|d | ||
| 020 | |a 9780194375986 | ||
| 082 | 0 | 4 | |a 418 |b COO |2 21 |
| 100 | 0 | |a Cook, Guy |e author |9 590530 | |
| 245 | 1 | 0 | |a Applied linguistics |
| 250 | |a 1a. ed | ||
| 300 | |a 134 p | ||
| 942 | |c BK | ||
| 945 | |d 20170113 07:29:00 |a dcastane | ||
| 260 | |a Oxford |b Oxford Univesity Press |c 2003 | ||
| 650 | 0 | |a Lingüística aplicada |9 313266 | |
| 650 | 0 | |a Investigación lingüística |9 329785 | |
| 650 | 0 | |a Educación lingüística |9 306506 | |
| 583 | |a last modification |c 20170113 07:29:00 |k Rodrigo Vera | ||
| 490 | 0 | |a Oxford Introductions to Language Study | |
| 999 | |c 366914 |d 366912 | ||
| 952 | |0 0 |1 0 |3 erb |4 0 |6 418_000000000000000_COO_2003 |7 0 |8 A |9 481551 |a BIBEDU |b BIBEDU |c ES_NOD |i 5359538 |o 418 COO 2003 |p 5359538 |r 2023-08-09 |w 2019-11-24 |y BK |z Catalogado en:20170113 |k CIT | ||